1816 1296 1271 1526 1538 1173 1574 1413 1416 1815 1446 1147 1672 1025 1328 1346 1747 1785 1105 1455 1057 1127 1071 1309 1840 1436 1194 1134 1161 1350 1437 1634 1340 1201 1729 1089 1286 1417 1758 1845 1850 1883 1864 1911 1177 1515 1958 1799 1567 1743 1657 1082 1048 1301 1225 1402 1425 1118 1301 1314 1290 1092 1978 1545 1891 1841 1119 1491 1422 1973 1937 1723 1659 1652 1870 1437 1795 1407 1420 1316 1240 1858 1079 1527 1140 1149 1875 1440 1713 1494 1058 1743 1461 1625 1102 1191 1098 1703 1398 BCNSPRNW ULIB Ver.6.0+V

เปลี่ยนเป็นภาษาไทย

Change to English
 แสดงรายละเอียดบรรณานุกรม
  กลับหน้าหลัก

Brief Record : Get Marc (ISO 2709) : E-mail record : QR code < ปิดหน้าต่าง
LEADER : 00000nam 2200000uu 4500
001    13399123176
003     ULIB
008    120327s2551||||th 000 0 tha d
020    ^a9789740601746
090    ^aนว.^bพ495ก
100 0  ^aเพนกวิน
245 00 ^aกำแพงดอกไม้/^cเพนกวิน
250    ^aพิมพ์ครั้งที่ 1
260    ^aกรุงเทพฯ :^bบลูบัตเตอร์ฟลาย,^c2551
300    ^a304 หน้า
710 1  ^aบลูบัตเตอร์ฟลาย
945    ^p219^l0^i20324
995    ^aกัณชพร
999    ^aใช้งานได้ทุกระบบ
รายการนี้ยังไม่มีแท็ก
คุณยังไม่ได้ล็อกอิน คุณสามารถมีกิจกรรมร่วมกับเว็บไซต์ได้ แต่ต้องล็อกอินก่อน ::
  ล็อกอิน

รายการสื่อสารสนเทศ

ลำดับที่ ประเภท เลขเรียก/บาร์โค้ด สถานที่ สถานะ
1. นวนิยาย
นวนิยาย
นว. พ495ก ฉ.1 
  Barcode: 20324
ห้องสมุดวิทยาเขตนครสวรรค์
►นวนิยาย:l:Fiction
บนชั้น

BibComment


ยังไม่เคยถูกคอมเมนท์

คอมเมนท์ทรัพยากรรายการนี้
  คอมเมนท์: กำแพงดอกไม้ เพนก..


 Copyright 2026. Bcnsprnw @Library